[Event "Estadual de Mestres FEXERJ 2024"]
[Site "Rio de Janeiro"]
[Date "2024.05.30"]
[Round "2"]
[White "Da Silva, Pedro Oliveira"]
[Black "Okamura, Milton Kasuo"]
[Result "0-1"]
[WhiteElo "1800"]
[BlackElo "1950"]
[PlyCount "100"]
[GameId "501081799637"]
[EventDate "2024.05.30"]
[EventRounds "6"]
[EventCountry "BRA"]

1. e4 c5 2. Nf3 e6 3. d4 cxd4 4. Nxd4 Nc6 5. Nc3 Qc7 6. g3 a6 7. Bg2 Nf6 8. Bg5 $146 ({RR} 8. h3 b5 9. O-O Bb7 10. a3 Be7 11. Re1 d6 12. Nf3 Rd8 13. Bf4 O-O 14. g4 Ne5 15. Bxe5 dxe5 16. Qe2 b4 17. Nb1 Bxe4 18. Qxa6 Bb7 19. Qe2 e4 20. Ng5 Qe5 21. Nxe4 Nxe4 22. Bxe4 Bxe4 {0-1 Al Qasem,O-Garijo Perez,H (2270) Arabian Karpov Cup 2024 Jeddah KSA (1.1)}) ({RR} 8. Qe2 Nxd4 9. Qd1 Nc6 10. O-O Be7 11. f4 d6 12. g4 h6 13. Be3 b5 14. a3 Bb7 15. g5 hxg5 16. fxg5 Nd7 17. g6 fxg6 18. Qg4 Nce5 19. Qxe6 Qc4 20. Nd5 Bxd5 21. exd5 Qg4 22. Rae1 Rc8 {0-1 Singh,O (2314)-Grot,B (2102) Titled Tue 30th Jan Early chess.com INT 2024 (3)}) 8... Be7 9. O-O O-O 10. Re1 d6 11. Nxc6 bxc6 12. Qe2 e5 13. Bxf6 Bxf6 14. Rad1 Be7 15. Qe3 Qa5 16. a3 Rb8 17. Rb1 Qc7 18. b4 Be6 19. a4 Bc4 20. a5 Qb7 21. Na4 Bd8 22. c3 Bxa5 23. bxa5 Qxb1 24. Rxb1 Rxb1+ 25. Bf1 Bxf1 26. h4 Bb5+ 27. Kh2 Bxa4 28. Qd3 Rd1 29. Qxa6 Bb5 30. Qb6 f5 31. a6 fxe4 32. a7 Ra1 33. Qb8 Be2 34. Qb3+ d5 35. Qb6 Bg4 36. Qb8 h5 37. Qb6 Bf3 38. g4 Bxg4 39. Kg3 Bf3 40. Kh2 Ra2 41. Kg1 Be2 42. Kg2 Bd3 43. Kg1 Bc4 44. Kg2 d4 45. cxd4 e3 46. Qxc6 Rfxf2+ 47. Kg3 Rg2+ 48. Qxg2 Rxg2+ 49. Kxg2 Bd5+ 50. Kf1 exd4 0-1

[Event "Estadual de Mestres FEXERJ 2024"]
[Site "Rio de Janeiro"]
[Date "2024.05.30"]
[Round "2"]
[White "E Silva, Samuel Batista"]
[Black "Laba, Otavio De Souza"]
[Result "0-1"]
[WhiteElo "1800"]
[BlackElo "1879"]
[PlyCount "38"]
[GameId "501081799638"]
[EventDate "2024.05.30"]
[EventRounds "6"]
[EventCountry "BRA"]

1. e4 e5 2. Nf3 Nc6 3. Nc3 Nf6 4. Bc4 Nxe4 5. Qe2 Nxc3 6. bxc3 d5 7. Nxe5 Nxe5 8. Qxe5+ Be6 9. Bb3 Qd7 10. O-O Bd6 11. Qd4 c5 12. Qxg7 O-O-O 13. h3 Bxh3 14. Bxd5 Rhg8 15. Qh6 Bxg2 16. Bxg2 Rxg2+ 17. Kh1 Rh2+ 18. Qxh2 Bxh2 19. Kxh2 Qg4 0-1

[Event "Estadual de Mestres FEXERJ 2024"]
[Site "Rio de Janeiro"]
[Date "2024.05.30"]
[Round "2"]
[White "Leal, Kaue Dos Santos"]
[Black "Guttler, Bruno Cravo"]
[Result "1-0"]
[WhiteElo "1781"]
[BlackElo "1782"]
[PlyCount "83"]
[GameId "501081799640"]
[EventDate "2024.05.30"]
[EventRounds "6"]
[EventCountry "BRA"]

1. e4 c6 2. d4 d5 3. e5 Bf5 4. h4 h5 5. Bd3 Bxd3 6. Qxd3 e6 7. Bg5 ({RR} 7. Ne2 Qa5+ 8. Bd2 Qa6 9. Qe3 Nh6 10. Nbc3 Nf5 11. Qf4 c5 12. O-O-O g6 13. f3 Nc6 14. dxc5 d4 15. Ne4 Qxa2 16. c3 d3 17. Nf6+ Ke7 18. Be3 Bh6 19. Qxh6 Rxh6 {0-1 Pasti,A (2389)-Tabatabaei,M (2696) Titled Tue 9th Jan Late chess.com INT 2024 (1)}) 7... Qb6 8. Nd2 Be7 9. Ngf3 Nd7 $146 ({RR} 9... Nh6 10. Bxe7 Kxe7 11. O-O Nd7 12. c4 Nf5 13. b4 Kf8 14. b5 cxb5 15. cxd5 Rh6 16. dxe6 fxe6 17. d5 Ne7 18. dxe6 Rxe6 19. Ng5 Rxe5 20. Qxd7 Rd8 21. Qh3 Rxd2 22. Qc3 Qd4 23. Qf3+ Rf5 24. Ne6+ {1-0 Parfenov,V (2193)-Van Baar,E (2184) Titled Tue 30th Jan Early chess.com INT 2024 (2)}) ({RR} 9... c5 10. c4 Nc6 11. O-O Rd8 12. cxd5 Nb4 13. Qe2 Rxd5 14. Bxe7 Nxe7 15. Nc4 Qa6 16. Rfe1 Nf5 17. dxc5 O-O 18. Ng5 g6 19. Ne4 Kg7 20. a3 Nc6 21. b4 Ncd4 22. Qd3 Qa4 23. Nb2 Qc2 24. Rab1 {0-1 Rose,F (2091)-Silva,L (2268) Titled Tue 2nd Apr Late chess.com INT 2024 (4)}) 10. O-O Bxg5 11. Nxg5 Ne7 12. c4 Nf5 13. Ndf3 Qa6 14. b3 O-O 15. Rfc1 Rac8 16. Qd1 dxc4 17. bxc4 Nb6 18. Nd2 g6 19. c5 Nd5 20. Nde4 Kg7 21. g3 Rcd8 22. Nd6 Nxd6 23. cxd6 Rd7 24. Qf3 Qb6 25. Qe4 Qd8 26. a4 Qe8 27. f4 f5 28. Qe2 Rg8 29. a5 a6 30. Rab1 Kh8 31. Rb3 Rgg7 32. Rcb1 b5 33. axb6 Rb7 34. Qxa6 Qc8 35. Ra1 Rg8 36. Nxe6 Qxe6 37. Qxb7 Rg7 38. Qxg7+ Kxg7 39. b7 Nxf4 40. b8=Q Ne2+ 41. Kh2 f4 42. Rb7+ 1-0

[Event "Estadual de Mestres FEXERJ 2024"]
[Site "Rio de Janeiro"]
[Date "2024.06.01"]
[Round "3"]
[White "Fernandes, Silas Carvalho"]
[Black "Rangel, Daniel"]
[Result "0-1"]
[WhiteElo "2043"]
[BlackElo "2160"]
[PlyCount "85"]
[GameId "501081799642"]
[EventDate "2024.05.30"]
[EventRounds "6"]
[EventCountry "BRA"]

1. Nf3 Nf6 2. d4 g6 3. g3 Bg7 4. Bg2 O-O 5. O-O d6 6. c4 c6 7. Nc3 Bf5 8. Re1 Ne4 9. Nxe4 Bxe4 10. Nh4 $146 ({RR} 10. b3 c5 11. Bb2 Nc6 12. Qd2 Bxf3 13. Bxf3 Bxd4 14. Bxc6 Bxb2 15. Bxb7 Bxa1 16. Bxa8 Bf6 17. Bf3 Qb6 18. Rb1 Rb8 19. Kg2 Kg7 20. Rd1 a5 21. Rb1 a4 22. Be4 a3 23. Rd1 Qb4 24. Qxb4 Rxb4 {½-½ Binu,D (1819)-Fedorov,A (2454) 3rd Athens of the East Op Viraganur IND 2023 (2.3)}) ({RR} 10. Bf4 Qb6 11. Qd2 Nd7 12. Rad1 Qa6 13. b3 b5 14. cxb5 Qxb5 15. Bh6 a5 16. Bxg7 Kxg7 17. Rc1 a4 18. Qc3 Nf6 19. Nd2 Bxg2 20. Kxg2 axb3 21. axb3 Ra2 22. e4 Rfa8 23. Rc2 Rxc2 24. Qxc2 d5 {0-1 Tamas,C (2054)-Castellanos Rodriguez,R (2469) Grand Prix Bucharest 2024 Bucharest ROU (2.25)}) 10... Bxg2 11. Kxg2 Nd7 12. Nf3 e5 13. dxe5 dxe5 14. e4 Nc5 15. Qc2 Ne6 16. Be3 c5 17. Rad1 Nd4 18. Bxd4 exd4 19. Qd3 Qb6 20. Re2 Qc6 21. Kg1 a6 22. b3 b5 23. Rde1 Bh6 24. Ne5 Qe6 25. Nf3 bxc4 26. bxc4 Rab8 27. Rc2 Rb4 28. Kg2 Rfb8 29. Ng1 Qc6 30. f4 Qa4 31. Rec1 Rb2 32. Qd2 Qxa2 33. Kh3 a5 34. Nf3 Rxc2 35. Rxc2 Qb1 36. Ne5 Bg7 37. Nd7 Rc8 38. e5 Qb7 39. Nf6+ Bxf6 40. exf6 Qa6 41. Ra2 Qxf6 42. Ra4 Qe6+ 43. Kg2 0-1

[Event "Estadual de Mestres FEXERJ 2024"]
[Site "Rio de Janeiro"]
[Date "2024.06.01"]
[Round "3"]
[White "Fucs, Paulo Moses"]
[Black "De Albuquerque, Ian Telek Cavalcant"]
[Result "0-1"]
[WhiteElo "1971"]
[BlackElo "2133"]
[PlyCount "86"]
[GameId "501081799643"]
[EventDate "2024.05.30"]
[EventRounds "6"]
[EventCountry "BRA"]

1. Nf3 Nf6 2. d4 g6 3. g3 Bg7 4. Bg2 O-O 5. O-O d6 6. c4 c6 7. Nc3 Bf5 8. Re1 Ne4 9. Nxe4 Bxe4 10. Nh4 $146 ({RR} 10. b3 c5 11. Bb2 Nc6 12. Qd2 Bxf3 13. Bxf3 Bxd4 14. Bxc6 Bxb2 15. Bxb7 Bxa1 16. Bxa8 Bf6 17. Bf3 Qb6 18. Rb1 Rb8 19. Kg2 Kg7 20. Rd1 a5 21. Rb1 a4 22. Be4 a3 23. Rd1 Qb4 24. Qxb4 Rxb4 {½-½ Binu,D (1819)-Fedorov,A (2454) 3rd Athens of the East Op Viraganur IND 2023 (2.3)}) ({RR} 10. Bf4 Qb6 11. Qd2 Nd7 12. Rad1 Qa6 13. b3 b5 14. cxb5 Qxb5 15. Bh6 a5 16. Bxg7 Kxg7 17. Rc1 a4 18. Qc3 Nf6 19. Nd2 Bxg2 20. Kxg2 axb3 21. axb3 Ra2 22. e4 Rfa8 23. Rc2 Rxc2 24. Qxc2 d5 {0-1 Tamas,C (2054)-Castellanos Rodriguez,R (2469) Grand Prix Bucharest 2024 Bucharest ROU (2.25)}) 10... Bxg2 11. Kxg2 Nd7 12. Nf3 e5 13. dxe5 dxe5 14. e4 Nc5 15. Qc2 Ne6 16. Be3 c5 17. Rad1 Nd4 18. Bxd4 exd4 19. Qd3 Qb6 20. Re2 Qc6 21. Kg1 a6 22. b3 b5 23. Rde1 Bh6 24. Ne5 Qe6 25. Nf3 bxc4 26. bxc4 Rab8 27. Rc2 Rb4 28. Kg2 Rfb8 29. Ng1 Qc6 30. f4 Qa4 31. Rec1 Rb2 32. Qd2 Qxa2 33. Kh3 a5 34. Nf3 Rxc2 35. Rxc2 Qb1 36. Ne5 Bg7 37. Nd7 Rc8 38. e5 Qb7 39. Nf6+ Bxf6 40. exf6 Qa6 41. Ra2 Qxf6 42. Ra4 Qe6+ 43. Kg2 Qc6+ 0-1

[Event "Estadual de Mestres FEXERJ 2024"]
[Site "Rio de Janeiro"]
[Date "2024.06.01"]
[Round "3"]
[White "Salles, Marvio Darilho"]
[Black "Yunes, David Teles"]
[Result "1/2-1/2"]
[WhiteElo "2072"]
[BlackElo "1975"]
[PlyCount "106"]
[GameId "501081799644"]
[EventDate "2024.05.30"]
[EventRounds "6"]
[EventCountry "BRA"]

1. e4 c5 2. Nf3 g6 3. g3 Bg7 4. Bg2 d6 5. O-O Nf6 6. c3 O-O 7. Qe2 Nc6 8. Rd1 $146 ({RR} 8. h3 e5 9. Na3 h6 10. d3 a5 11. Nb5 a4 12. Nd2 Be6 13. Nc4 d5 14. exd5 Bxd5 15. Re1 Bxg2 16. Kxg2 Re8 17. Qf3 Re6 18. Be3 Qxd3 19. b3 e4 20. Qe2 Qxe2 21. Rxe2 axb3 22. Bxc5 Nd5 {0-1 Llorente Zaro,A (2433)-Chigaev,M (2622) Titled Tue 20th Feb Late chess.com INT 2024 (11)}) 8... Bg4 9. h3 Bxf3 10. Bxf3 Rc8 11. Na3 e5 12. d3 d5 13. Bg5 d4 14. c4 h6 15. Bd2 Qd7 16. Kh2 a6 17. Bg2 Nh7 18. Rab1 f5 19. b4 cxb4 20. Bxb4 Nxb4 21. Rxb4 f4 22. Rdb1 Rb8 23. h4 Qe7 24. Nc2 h5 25. Rb6 Qf7 26. Qf3 g5 27. Nb4 fxg3+ 28. Qxg3 Qxf2 29. Qxf2 Rxf2 30. Kg3 Rbf8 31. hxg5 h4+ 32. Kh2 Nxg5 33. Rg6 Nf3+ 34. Kh3 Nd2 35. Rd1 Kh7 36. Rg4 Bh6 37. Kxh4 Nf3+ 38. Kg3 Ng5 39. Rh1 Ne6 40. Rgh4 R2f6 41. Nd5 Rg6+ 42. Rg4 Rxg4+ 43. Kxg4 Nf4 44. Nxf4 Rxf4+ 45. Kg3 Rf6 46. Rb1 b6 47. Bh3 Rc6 48. a4 Bf8 49. Kf3 Rf6+ 50. Bf5+ Kg7 51. Rg1+ Kf7 52. Rh1 Rh6 53. Rxh6 Bxh6 1/2-1/2

[Event "Estadual de Mestres FEXERJ 2024"]
[Site "Rio de Janeiro"]
[Date "2024.06.01"]
[Round "3"]
[White "Dias, Matheus Braga"]
[Black "Barros, Angelo Costa"]
[Result "1-0"]
[WhiteElo "1960"]
[BlackElo "1825"]
[PlyCount "83"]
[GameId "501081799646"]
[EventDate "2024.05.30"]
[EventRounds "6"]
[EventCountry "BRA"]

1. d4 Nf6 2. c4 e6 3. Nc3 d5 4. Bg5 Be7 5. cxd5 exd5 6. e3 c6 7. Bd3 O-O 8. Nge2 Re8 9. Qc2 Nbd7 10. O-O Nf8 11. Rad1 g6 12. a3 Ne6 13. Bh4 Ng7 14. f3 Bf5 15. Bf2 Bxd3 16. Qxd3 Ne6 17. e4 Nh5 18. g3 Qd7 19. e5 f6 20. f4 Nhg7 21. Kh1 a5 22. Be3 a4 23. g4 fxe5 24. dxe5 Rf8 25. f5 Nc5 26. Bxc5 Bxc5 27. Ne4 Be7 28. f6 Qxg4 29. Nf2 Qh5 30. fxe7 Rf3 31. Ng3 Rxd3 32. Nxh5 Rxd1 33. Nf6+ Kf7 34. Nxd1 Kxe7 35. Nxh7 Nf5 36. Ng5 d4 37. Nf2 Ne3 38. Rc1 Rf8 39. Nge4 Ke6 40. Nd3 Kd5 41. Nf6+ Ke6 42. Nc5+ 1-0

[Event "Estadual de Mestres FEXERJ 2024"]
[Site "Rio de Janeiro"]
[Date "2024.06.01"]
[Round "3"]
[White "Okamura, Milton Kasuo"]
[Black "Leal, Kaue Dos Santos"]
[Result "1-0"]
[WhiteElo "1950"]
[BlackElo "1781"]
[PlyCount "57"]
[GameId "501081799647"]
[EventDate "2024.05.30"]
[EventRounds "6"]
[EventCountry "BRA"]

1. d4 d5 2. c4 e6 3. Nc3 a6 4. e3 dxc4 5. Bxc4 b5 6. Be2 Bb7 7. Nf3 Nf6 8. O-O Nbd7 9. a3 c5 10. b3 Qb6 $146 ({RR} 10... Be7 11. Bb2 O-O 12. Rc1 Qb6 13. dxc5 Nxc5 14. b4 Ncd7 15. Qb3 Rfd8 16. Rfd1 Rac8 17. Bf1 h6 18. Be2 Nd5 19. h3 N7f6 20. Nd4 Nxc3 21. Bxc3 Bd5 22. Qb1 Ne4 23. Ba1 Bh4 24. f3 Rxc1 25. Qxc1 {0-1 Bogdanov,A (2243)-Tabuenca Mendataurigoitia,D (2365) Titled Tue 26th Mar Early chess.com INT 2024 (6)}) 11. Bb2 Be7 12. dxc5 Nxc5 13. b4 Nce4 14. Nxe4 Bxe4 15. Nd2 Rd8 16. Bd4 Qb7 17. Nxe4 Qxe4 18. Bf3 Qg6 19. Bc6+ Kf8 20. Qe2 Ng4 21. Rac1 e5 22. Bb6 Rc8 23. Qf3 Qf6 24. Ba5 g6 25. Qxf6 Nxf6 26. Bb7 Rb8 27. Bxa6 Kg7 28. Rfd1 Nd5 29. Bc7 1-0

[Event "Estadual de Mestres FEXERJ 2024"]
[Site "Rio de Janeiro"]
[Date "2024.06.01"]
[Round "3"]
[White "Dos Santos, Thiago L Verbicario"]
[Black "Cardoso, Rafaela Martins"]
[Result "1-0"]
[WhiteElo "1909"]
[BlackElo "1764"]
[PlyCount "57"]
[GameId "501081799649"]
[EventDate "2024.05.30"]
[EventRounds "6"]
[EventCountry "BRA"]

1. e4 e5 2. Nf3 Nc6 3. Bc4 Bc5 4. d3 h6 5. Nc3 Nf6 6. O-O d6 7. Na4 Bb6 8. a3 O-O 9. h3 Be6 10. Bxe6 fxe6 11. c3 Ne7 12. b4 c6 $146 ({RR} 12... Ng6 13. Nxb6 axb6 14. a4 Qd7 15. Be3 Ra6 16. a5 Rfa8 17. Qb3 Nh5 18. Rab1 Nhf4 19. axb6 cxb6 20. d4 Ra3 21. Qc2 Rxc3 22. Qd2 Rd3 23. Qc2 Raa3 24. dxe5 dxe5 25. Kh2 Rac3 26. Qb2 Kh7 27. Nxe5 {0-1 Tao,S (2041)-Carrasco Miranda,A (2234) Titled Tue 2nd Jan Late chess.com INT 2024 (9)}) 13. c4 Bc7 14. c5 d5 15. Qe2 Ng6 16. g3 Qd7 17. Bd2 Qf7 18. Kg2 Rae8 19. Bc3 Nd7 20. h4 d4 21. Bd2 Bd8 22. Nb2 Qf6 23. Nc4 Be7 24. Nh2 Nxh4+ 25. gxh4 Qxh4 26. Qg4 Qf6 27. Nf3 Rf7 28. Qg3 Ref8 29. Nfxe5 1-0

[Event "Estadual de Mestres FEXERJ 2024"]
[Site "Rio de Janeiro"]
[Date "2024.06.01"]
[Round "3"]
[White "Mesquita, Arnaldo Leite"]
[Black "Silva, Guilherme de Moura"]
[Result "1/2-1/2"]
[WhiteElo "1821"]
[BlackElo "1816"]
[PlyCount "87"]
[GameId "501081799653"]
[EventDate "2024.05.30"]
[EventRounds "6"]
[EventCountry "BRA"]

1. Nf3 c5 2. e4 e6 3. g3 Nc6 4. Nc3 d5 5. exd5 exd5 6. d4 $146 ({RR} 6. Bg2 d4 7. Ne2 Nf6 8. O-O Be7 9. d3 O-O 10. a4 Re8 11. h3 h6 12. Re1 Bf5 13. Nd2 Qd7 14. Kh2 Nd5 15. Nc4 Bf6 16. Nf4 Nxf4 17. Bxf4 Rxe1 18. Qxe1 Re8 19. Qd1 Ne5 20. b3 Nxc4 {1-0 Prestia,P (2059)-Zampronha,W (2119) Titled Tue 12th Mar Late chess.com INT 2024 (3)}) 6... Bg4 7. Qe2+ Be7 8. Qd3 Bxf3 9. Qxf3 Nxd4 10. Qd1 Nf6 11. Bg2 h5 12. O-O h4 13. Bg5 hxg3 14. hxg3 Kf8 15. Bxf6 Bxf6 16. Nxd5 Ne6 17. Nxf6 Qxf6 18. c3 Ng5 19. Qg4 Qh6 20. Rfe1 Qh2+ 21. Kf1 Nh3 22. Qf3 Qg1+ 23. Ke2 Re8+ 24. Kd2 Rxe1 25. Rxe1 Qxf2+ 26. Qxf2 Nxf2 27. Re2 Ng4 28. Bxb7 Rh6 29. Bf3 Rd6+ 30. Kc2 Nf6 31. Re5 Nd7 32. Rh5 g6 33. Rh8+ Ke7 34. Ra8 Ra6 35. a3 Nb6 36. Rb8 Nc4 37. Be2 Rb6 38. Rxb6 Nxb6 39. Bb5 a5 40. Kd3 f5 41. b4 axb4 42. cxb4 cxb4 43. axb4 Kd6 44. Kd4 1/2-1/2

[Event "Estadual de Mestres FEXERJ 2024"]
[Site "Rio de Janeiro"]
[Date "2024.06.01"]
[Round "3"]
[White "Machado, Wallace Fernandes"]
[Black "E Silva, Samuel Batista"]
[Result "0-1"]
[WhiteElo "1767"]
[BlackElo "1800"]
[PlyCount "93"]
[GameId "501081799654"]
[EventDate "2024.05.30"]
[EventRounds "6"]
[EventCountry "BRA"]

1. e4 e5 2. Nf3 Nc6 3. Bb5 d6 4. O-O a6 5. Ba4 b5 6. Bb3 h6 7. c3 Bg4 8. d3 Nf6 9. Re1 Be7 10. Be3 Na5 11. Bc2 c5 12. Nbd2 O-O 13. h3 Bh5 14. Nf1 d5 15. Ng3 Bxf3 16. Qxf3 d4 17. cxd4 cxd4 18. Bd2 Nc6 19. a3 a5 20. Nf5 Kh7 21. Rac1 Ng8 22. Bb3 Qd7 23. Bd5 Ra6 24. Rc2 Nd8 25. Rec1 Ne6 26. Bc6 Qa7 27. Bxb5 Rb6 28. Bc4 Ng5 29. Qg3 Rg6 30. Qh2 Nf3+ 31. Kh1 Nxh2 32. Kxh2 Bg5 33. Bd5 Bxd2 34. Rxd2 Ne7 35. Nxe7 Qxe7 36. Rdc2 Qg5 37. g3 Rf6 38. Re1 Rc8 39. Bc4 Rf3 40. b4 axb4 41. axb4 f5 42. exf5 Qxf5 43. Ree2 Rxc4 44. Rxc4 Qxd3 45. Rcc2 e4 46. Rcd2 Qb5 47. Rxd4 0-1

[Event "Estadual de Mestres FEXERJ 2024"]
[Site "Rio de Janeiro"]
[Date "2024.06.01"]
[Round "3"]
[White "Guttler, Bruno Cravo"]
[Black "Da Silva, Pedro Oliveira"]
[Result "1-0"]
[WhiteElo "1782"]
[BlackElo "1800"]
[PlyCount "91"]
[GameId "501081799655"]
[EventDate "2024.05.30"]
[EventRounds "6"]
[EventCountry "BRA"]

1. d4 {ChessBase} e6 2. c4 d5 $146 ({RR} 2... Bb4+ 3. Nc3 f5 4. Nf3 Nf6 5. e3 O-O 6. Qc2 b6 7. a3 Bxc3+ 8. Qxc3 Bb7 9. Be2 Ne4 10. Qc2 Ng5 11. Bd2 Be4 12. Qd1 d6 13. O-O Nf7 14. Bc3 Nd7 15. Qd2 Qe7 16. Rfd1 Bb7 17. b4 {½-½ Sivaev,A-Krause,E Cannes op 1992 (1.46)}) 3. Nc3 c5 4. e3 Nf6 5. Nf3 Nc6 6. Be2 Be7 7. O-O O-O 8. a3 b6 9. Re1 Ba6 10. Qa4 Bb7 11. cxd5 Nxd5 12. Ba6 Nxc3 13. bxc3 Bxa6 14. Qxa6 Bf6 15. Bb2 Be7 16. Rad1 Qc7 17. Qe2 Rad8 18. e4 Rfe8 19. d5 exd5 20. exd5 Bf8 21. Qxe8 Rxe8 22. Rxe8 Qd7 23. Ree1 Na5 24. Ne5 Qd6 25. Nc6 Nxc6 26. dxc6 Qxc6 27. Rd8 c4 28. Ree8 Qc5 29. Rxf8+ Qxf8 30. Rxf8+ Kxf8 31. f4 Ke7 32. Kf2 Ke6 33. g4 f5 34. gxf5+ Kxf5 35. Kf3 h5 36. a4 a6 37. Ba3 g6 38. Bd6 Ke6 39. Bc7 b5 40. axb5 axb5 41. Ke4 Kd7 42. Ba5 Kd6 43. Bb4+ Ke6 44. h4 Kf6 45. Bd6 Ke6 46. Be5 1-0

[Event "Estadual de Mestres FEXERJ 2024"]
[Site "Rio de Janeiro"]
[Date "2024.06.01"]
[Round "4"]
[White "Rangel, Daniel"]
[Black "De Albuquerque, Ian Telek Cavalcant"]
[Result "1/2-1/2"]
[WhiteElo "2160"]
[BlackElo "2133"]
[PlyCount "19"]
[GameId "501081799656"]
[EventDate "2024.05.30"]
[EventRounds "6"]
[EventCountry "BRA"]

1. d4 Nf6 2. Nf3 g6 3. g3 Bg7 4. Bg2 O-O 5. O-O d6 6. c4 Bf5 $146 ({RR} 6... Bd7 7. Nc3 Re8 8. Bf4 Qc8 9. Re1 Nh5 10. Bg5 h6 11. Be3 Nf6 12. Bf4 Nh5 13. Be3 e5 14. c5 exd4 15. Bxd4 dxc5 16. Bxc5 Bc6 17. e4 Na6 18. Ba3 b5 19. Nd4 Bxd4 20. Qxd4 Rd8 21. Nd5 {0-1 Milikow,Y (2376)-Rozen,E (2462) ch-ISR Open 2024 Acre ISR (4.7)}) ({RR} 6... Bd7 7. Nc3 Qc8 8. e4 Bh3 9. Re1 Bxg2 10. Kxg2 c5 11. d5 a6 12. a4 Nbd7 13. h3 Ne8 14. Bg5 f6 15. Be3 Nc7 16. a5 b5 17. axb6 Nxb6 18. Qd3 Qb7 19. Ra3 Nd7 20. b3 Ne5 21. Nxe5 {0-1 Berdayes Ason,D (2505)-Kunz,A (2197) Titled Tue 12th Mar Late chess.com INT 2024 (5)}) ({RR} 6... e6 7. Nc3 Nbd7 8. h3 c6 9. Qc2 d5 10. b3 Re8 11. Bb2 dxc4 12. bxc4 Nb6 13. Qb3 Nfd7 14. Rad1 Qe7 15. Ba3 Qd8 16. e4 Qc7 17. d5 exd5 18. exd5 cxd5 19. Nxd5 Nxd5 20. cxd5 Qc3 21. Qxc3 {1-0 Shevchuk,O (2093)-Novikova,M (1999) Titled Tue 26th Mar Late chess.com INT 2024 (4)}) 7. Nh4 Bc8 8. Nf3 Bf5 9. Nh4 Bc8 10. Nf3 1/2-1/2

[Event "Estadual de Mestres FEXERJ 2024"]
[Site "Rio de Janeiro"]
[Date "2024.06.01"]
[Round "4"]
[White "Pereira, Arthur Macedo"]
[Black "Salles, Marvio Darilho"]
[Result "1/2-1/2"]
[WhiteElo "1902"]
[BlackElo "2072"]
[PlyCount "57"]
[GameId "501081799657"]
[EventDate "2024.05.30"]
[EventRounds "6"]
[EventCountry "BRA"]

1. d4 Nf6 2. c4 e5 3. dxe5 Ng4 4. Nf3 Nc6 5. e3 Bb4+ 6. Bd2 $146 ({RR} 6. Nc3 Bxc3+ 7. bxc3 Qe7 8. Bd3 Ncxe5 9. Be2 d6 10. h3 Nxf3+ 11. Bxf3 Ne5 12. Be2 Be6 13. O-O Nxc4 14. Rb1 c6 15. Qa4 b5 16. Qa6 Qc7 17. Bf3 Ne5 18. Be4 Bc4 19. f4 d5 20. Bc2 Bxf1 {0-1 Blokhin,S (2009)-Gandhi,S (1908) Titled Tue 9th Apr Early chess.com INT 2024 (9)}) 6... Qe7 7. Nc3 Bxc3 8. Bxc3 O-O 9. Be2 Ngxe5 10. Nxe5 Nxe5 11. O-O d6 12. Qd4 Be6 13. c5 f6 14. cxd6 cxd6 15. Rfd1 Rfd8 16. b3 d5 17. Rac1 Nc6 18. Qd2 Rd7 19. Bb5 Rc8 20. Bb4 Qe8 21. Bxc6 Rxc6 22. Rxc6 bxc6 23. Qc2 Rb7 24. Bc5 Qg6 25. Qxg6 hxg6 26. Bd4 Rb5 27. Rc1 Bd7 28. Kf1 Kf7 29. Ke2 1/2-1/2

[Event "Estadual de Mestres FEXERJ 2024"]
[Site "Rio de Janeiro"]
[Date "2024.06.01"]
[Round "4"]
[White "Yunes, David Teles"]
[Black "Fernandes, Silas Carvalho"]
[Result "1/2-1/2"]
[WhiteElo "1975"]
[BlackElo "2043"]
[PlyCount "70"]
[GameId "501081799658"]
[EventDate "2024.05.30"]
[EventRounds "6"]
[EventCountry "BRA"]

1. e4 c5 2. Nf3 d6 3. Bb5+ Nc6 4. Bxc6+ bxc6 5. O-O e6 $146 ({RR} 5... Nf6 6. Re1 Bg4 7. h3 Bxf3 8. Qxf3 e6 9. c3 Be7 10. d4 O-O 11. e5 dxe5 12. dxe5 Nd5 13. Be3 Nxe3 14. Rxe3 Qc7 15. Na3 Bg5 16. Re2 Rfd8 17. Nc4 Rab8 18. Ree1 Bd2 19. Red1 Bg5 20. Rxd8+ {1-0 Petrova,I (2108)-Niyola Pinto (1404) Swiss Queens Wed #14 2024 FIDE Online Arena INT (5.65411)}) 6. Qe2 Qc7 7. b3 a5 8. Bb2 Ne7 9. Rd1 $6 (9. Ne1) 9... Ng6 10. d4 cxd4 11. Nxd4 Ba6 12. Qg4 Be7 13. c4 O-O 14. Nc3 Rfb8 15. Rab1 a4 16. f4 $4 (16. Qg3) 16... axb3 17. axb3 Bc8 $6 (17... e5 18. Nf5 Rxb3 19. c5 Bf6 20. Rxd6 Qa5 21. Qd1 Rxb2 22. Rxb2 Qxc5+ 23. Kh1) 18. Ba1 e5 19. Nf5 exf4 $6 (19... Bxf5) 20. Ne2 Bf8 21. Nxf4 d5 22. Nh5 dxc4 23. bxc4 $4 (23. Bxg7) 23... Rxb1 24. Rxb1 Qa7+ 25. Kf1 Be6 26. Qe2 Qc5 $4 (26... Qa4 27. Ne3 Rd8 28. Kg1 Bc5 29. Kh1 Bxe3 30. Nxg7 Qa7 31. Bf6 Rd2 32. Qh5) 27. Bd4 Qxc4 28. Qxc4 Bxc4+ 29. Kf2 f6 30. Rb7 c5 31. Bxf6 Ra2+ 32. Kg3 Ra3+ 33. Kf2 Ra2+ 34. Kg3 Bf1 $4 (34... Ra3+ 35. Kf2 (35. Kg4 h6 36. Nfxg7 Ra2 37. Kf3 Ba6 38. Rb6 Be2+ 39. Kg3 Ra7 40. Kf2)) 35. Ne3 $4 (35. h4 Rxg2+ 36. Kf3 Ba6 37. Rc7 Bd3 38. Nhxg7 Nxh4+ 39. Nxh4 Rg3+ 40. Kxg3 Bd6+) 35... Ra3 1/2-1/2

[Event "Estadual de Mestres FEXERJ 2024"]
[Site "Rio de Janeiro"]
[Date "2024.06.01"]
[Round "4"]
[White "Dos Santos, Thiago L Verbicario"]
[Black "Fucs, Paulo Moses"]
[Result "1/2-1/2"]
[WhiteElo "1909"]
[BlackElo "1971"]
[PlyCount "34"]
[GameId "501081799659"]
[EventDate "2024.05.30"]
[EventRounds "6"]
[EventCountry "BRA"]

1. e4 e5 2. Nf3 Nc6 3. Bc4 Be7 4. c3 Nf6 5. d3 d6 6. O-O Bg4 7. Nbd2 O-O 8. Re1 a6 $146 ({RR} 8... Na5 9. Bb5 a6 10. Ba4 c5 11. Nf1 h6 12. Ng3 Nh5 13. h3 Bxf3 14. Qxf3 Nxg3 15. Qxg3 Kh7 16. Be3 Bg5 17. Rad1 Qf6 18. d4 Bxe3 19. Qxe3 cxd4 20. cxd4 b5 21. Qc3 Nc4 22. Bb3 Rac8 23. a4 {1-0 Saunders,A (2083)-Fearnley-Sanders,B Hastings Weekend Open Hastings ENG 2024 (2.10)}) ({RR} 8... Na5 9. h3 Nxc4 10. Nxc4 Be6 11. Ne3 h6 12. c4 c6 13. b4 Qc7 14. Qc2 Rac8 15. Rb1 Nd7 16. Bb2 Qb8 17. Nf5 Bxf5 18. exf5 Bf6 19. Nd2 d5 20. Qb3 Qd6 21. c5 Qc7 22. a4 a5 23. Nf3 {0-1 Kisic Stros,J-Babarovic,F (1736) Ljubljana Open 2024 Ljubljana SLO (2.54)}) 9. Bb3 Kh8 10. Nf1 Qd7 11. h3 Be6 12. Bc2 Qe8 13. d4 Bd7 14. Ne3 h6 15. Nd5 Bd8 16. b3 Ng8 17. Ne3 f6 1/2-1/2

[Event "Estadual de Mestres FEXERJ 2024"]
[Site "Rio de Janeiro"]
[Date "2024.06.01"]
[Round "4"]
[White "Dias, Matheus Braga"]
[Black "Laba, Otavio De Souza"]
[Result "1/2-1/2"]
[WhiteElo "1960"]
[BlackElo "1879"]
[PlyCount "10"]
[GameId "501081799660"]
[EventDate "2024.05.30"]
[EventRounds "6"]
[EventCountry "BRA"]

1. d4 Nf6 2. Bg5 Ne4 3. Bf4 Nf6 $146 ({RR} 3... g6 4. e3 Bg7 5. Bd3 Nf6 6. Nf3 d5 7. c4 O-O 8. Nc3 c5 9. Bxb8 Rxb8 10. Rc1 cxd4 11. Nxd4 e5 12. Nc2 Bh6 13. Nxd5 Nxd5 14. cxd5 Qxd5 15. e4 Qa5+ 16. b4 Qb6 17. Rb1 Rd8 18. Qe2 {0-1 Fitzsimons,P (1700)-O'Dwyer,F (1917) ch-IRL 50+ 2024 Dublin IRL (3)}) ({RR} 3... Nd6 4. e3 f6 5. Bd3 g5 6. Bxd6 h5 7. Bg6# {1-0 Ohler,J (2279)-Msellek,I (2406) Titled Tue 6th Feb Early chess.com INT 2024 (8)}) ({RR} 3... b6 4. f3 Nf6 5. e4 Bb7 6. Bd3 e6 7. Ne2 c5 8. c3 d5 9. Nd2 cxd4 10. Nxd4 dxe4 11. Nxe4 Nd5 12. Bb5+ Nd7 13. Nd6+ Bxd6 14. Bxd6 a6 15. Bd3 Nc5 16. Bxc5 bxc5 17. Nc2 Qh4+ 18. g3 {0-1 Mayaud,R (2169)-Bogaudinov,R (1853) Titled Tue 20th Feb Late chess.com INT 2024 (8)}) 4. Bg5 Ne4 5. Bf4 Nf6 1/2-1/2